Państwa Świata, ale mapa się zepsuła - Statystyki

Ogólne statystyki
  • Ten quiz został rozwiązany 803 razy
  • Średni wynik to 115 z 196
Odpowiedzi na mapie
Odpowiedzi zakodowano w zielono-czerwonej skali na mapie do tego quizu, zgodnie z poniższymi procentami.
 
Statystyki odpowiedzi
Kraj % Poprawnych
Stany Zjednoczone
87%
Polska
83%
Rosja
82%
Kanada
81%
Brazylia
72%
Dania
71%
Meksyk
71%
Chiny
70%
Francja
70%
Hiszpania
70%
Niemcy
70%
Szwecja
69%
Ukraina
69%
Argentyna
68%
Australia
68%
Norwegia
68%
Białoruś
67%
Estonia
67%
Finlandia
67%
Islandia
67%
Słowacja
67%
Wielka Brytania
67%
Austria
66%
Belgia
66%
Czechy
66%
Holandia
66%
Indie
66%
Litwa
66%
Łotwa
66%
Portugalia
66%
Chile
65%
Irlandia
65%
Kuba
65%
San Marino
65%
Turcja
65%
Watykan
65%
Włochy
65%
Albania
64%
Andora
64%
Japonia
64%
Peru
64%
Rumunia
64%
Dominika
63%
Grecja
63%
Iran
63%
Kolumbia
63%
Luksemburg
63%
Mołdawia
63%
Mongolia
63%
Nowa Zelandia
63%
Republika Południowej Afryki
63%
Słowenia
63%
Szwajcaria
63%
Urugwaj
63%
Chorwacja
62%
Demokratyczna Republika Konga
62%
Dominikana
62%
Egipt
62%
Ekwador
62%
Indonezja
62%
Irak
62%
Korea Północna
62%
Malta
62%
Maroko
62%
Oman
62%
Panama
62%
Paragwaj
62%
Wenezuela
62%
Algieria
61%
Boliwia
61%
Bośnia i Hercegowina
61%
Bułgaria
61%
Kazachstan
61%
Korea Południowa
61%
Kosowo
61%
Liechtenstein
61%
Niger
61%
Afganistan
60%
Cypr
60%
Czarnogóra
60%
Jemen
60%
Kongo
60%
Macedonia Północna
60%
Serbia
60%
Węgry
60%
Wietnam
60%
Armenia
59%
Gujana
59%
Libia
59%
Monako
59%
Nigeria
59%
Pakistan
59%
Surinam
59%
Turkmenistan
59%
Arabia Saudyjska
58%
Czad
58%
Haiti
58%
Honduras
58%
Kostaryka
58%
Nepal
58%
Sudan
58%
Tajlandia
58%
Tunezja
58%
Azerbejdżan
57%
Filipiny
57%
Gruzja
57%
Gwatemala
57%
Izrael
57%
Katar
57%
Madagaskar
57%
Tadżykistan
57%
Bahamy
56%
Belize
56%
Etiopia
56%
Gwinea
56%
Jamajka
56%
Kirgistan
56%
Laos
56%
Malezja
56%
Mali
56%
Papua-Nowa Gwinea
56%
Uzbekistan
56%
Zjednoczone Emiraty Arabskie
56%
Nikaragua
55%
Salwador
55%
Tajwan
55%
Togo
55%
Zambia
55%
Angola
54%
Bhutan
54%
Fidżi
54%
Lesotho
54%
Mikronezja
54%
Mjanma
54%
Somalia
54%
Sri Lanka
54%
Sudan Południowy
54%
Syria
54%
Antigua i Barbuda
53%
Bangladesz
53%
Barbados
53%
Ghana
53%
Liban
53%
Malediwy
53%
Mauretania
53%
Palau
53%
Saint Lucia
53%
Zimbabwe
53%
Bahrajn
52%
Erytrea
52%
Gwinea Równikowa
52%
Jordania
52%
Kambodża
52%
Kenia
52%
Republika Środkowoafrykańska
52%
Senegal
52%
Wyspy Marshalla
52%
Wyspy Salomona
52%
Benin
51%
Kamerun
51%
Kiribati
51%
Kuwejt
51%
Mozambik
51%
Republika Zielonego Przylądka
51%
Saint Kitts i Nevis
51%
Seszele
51%
Trynidad i Tobago
51%
Uganda
51%
Vanuatu
51%
Wybrzeże Kości Słoniowej
51%
Botswana
50%
Eswatini
50%
Gambia
50%
Gwinea Bissau
50%
Liberia
50%
Nauru
50%
Rwanda
50%
Saint Vincent i Grenadyny
50%
Singapur
50%
Tonga
50%
Tuvalu
50%
Wyspy Świętego Tomasza i Książeca
50%
Dżibuti
49%
Grenada
49%
Mauritius
49%
Namibia
49%
Samoa
49%
Tanzania
49%
Brunei
48%
Burundi
48%
Gabon
48%
Komory
48%
Timor Wschodni
48%
Burkina Faso
45%
Malawi
45%
Sierra Leone
45%
Nie znaleziono quizów pasujących do podanych kryteriów
Rozkład punktacji
Procent ludzi z każdym wynikiem
Percentyl według liczby udzielonych odpowiedzi
Twoja historia wyników
Nie rozwiązałeś tego quizu